Statistics for Guess the right fifa

Click here to take the quiz!

General Stats

  • This quiz has been taken 6 times
  • The average score is 19 of 30

Answer Stats

HintAnswer% Correct
PS2 and PS3Fifa 13
83%
PS4Fifa 20
83%
PS4 and PS5Fifa 23
83%
PS2 and PS3Fifa 08
67%
PS2 and PS3Fifa 09
67%
PS2 and PS3Fifa 10
67%
PS2 and PS3Fifa 11
67%
PS2 and PS3Fifa 12
67%
PS2, PS3 and PS4Fifa 14
67%
PS3 and PS4Fifa 15
67%
PS3 and PS4Fifa 16
67%
PS3 and PS4Fifa 17
67%
PS3 and PS4Fifa 19
67%
PS1Fifa 2000
67%
PS1 and PS2Fifa 2001
67%
PS1 and PS2Fifa 2002
67%
PS4 and PS5Fifa 21
67%
PS4 and PS5Fifa 22
67%
No playstationFifa 95
67%
PS1Fifa 96
67%
PS1Fifa 98
67%
PS1Fifa 99
67%
No playstationFifa International soccer
67%
PS2Fifa 06
50%
PS2Fifa 07
50%
PS3 and PS4Fifa 18
50%
PS1 and PS2Fifa 2003
50%
PS1 and PS2Fifa 2004
50%
PS1 and PS2Fifa 2005
50%
PS1Fifa 97
50%

Score Distribution

Percentile by Number Answered

Percent of People with Each Score

Your Score History

You have not taken this quiz